Hotel Sapiens és más irracionális elbeszélések /

Hotel Sapiens és más irracionális elbeszélések [Hotel Sapiens and other irrational narratives] by Leena Krohn, one of the most famous Finnish writers, flies the reader into the not-too-distant, post-apocalyptic future. The world is dominated by computer algorithms, yet there is a place that is at on...

Full description

Bibliographic Details
Main Author: Krohn, Leena (Author)
Other Authors: Molnár, Csilla (Translator)
Format: Book
Language:Hungarian
Published: [Budapest] : Typotex, [2015]
Series:Typotex világirodalom
Subjects:

MARC

Tag First Indicator Second Indicator Subfields
LEADER 00000cam a2200000 i 4500
001 in00004278721
005 20201021160328.0
008 200810t20152015hu a 000 1 hun c
020 |a 9789632798370 
020 |a 9632798376 
035 |a (OCoLC)on1183349994 
035 |a (OCoLC)1183349994 
040 |a TXA  |b eng  |e rda  |c TXA  |d TXA  |d UtOrBLW 
041 1 |a hun  |h fin 
042 |a pcc 
049 |a TXAM 
050 4 |a PH355.K823  |b H68155 2015 
100 1 |a Krohn, Leena,  |e author.  |0 http://id.loc.gov/authorities/names/n79113880 
240 1 0 |a Hotel Sapiens ja muita irrationaalisia kertomuksia.  |l Hungarian  |0 http://id.loc.gov/authorities/names/no2020094367 
245 1 0 |a Hotel Sapiens és más irracionális elbeszélések /  |c Leena Krohn ; fordította, Molnár Csilla. 
246 1 |i Cover title:  |a Hotel Sapiens 
264 1 |a [Budapest] :  |b Typotex,  |c [2015] 
264 4 |c ©2015 
300 |a 165 pages :  |b illustrations ;  |c 21 cm. 
336 |a text  |b txt  |2 rdacontent 
337 |a unmediated  |b n  |2 rdamedia 
338 |a volume  |b nc  |2 rdacarrier 
490 0 |a Typotex világirodalom 
520 |a Hotel Sapiens és más irracionális elbeszélések [Hotel Sapiens and other irrational narratives] by Leena Krohn, one of the most famous Finnish writers, flies the reader into the not-too-distant, post-apocalyptic future. The world is dominated by computer algorithms, yet there is a place that is at once a prison, a museum, a mental hospital, a school and, above all, a refuge for the extinct life forms, the people. Hotel Sapiens is a hospital and medical research institute, as the residents of the house are examined as if they were carriers of a rare disease. And they are the bearers of an evil, incurable disease: a disease called humanity. Once again, Krohn has written a disturbingly fun and deeply wise book. 
650 0 |a Artificial intelligence  |x Social aspects  |v Fiction. 
650 0 |a Human beings  |v Fiction. 
655 7 |a Dystopian fiction.  |2 lcgft  |0 http://id.loc.gov/authorities/genreForms/gf2014026302 
655 7 |a Science fiction.  |2 lcgft  |0 http://id.loc.gov/authorities/genreForms/gf2014026529 
655 7 |a Novels.  |2 lcgft  |0 http://id.loc.gov/authorities/genreForms/gf2015026020 
700 1 |a Molnár, Csilla,  |e translator.  |0 http://id.loc.gov/authorities/names/n2020041555 
948 |a cataloged  |b h  |c 2020/8/12  |d o  |e tchubaryan  |f 4:50:38 pm 
994 |a C0  |b TXA 
999 f f |s fe54ed03-46fb-35fd-a54b-7da2aa867397  |i 5a14ac4a-2afe-33b4-b18b-b5eb08d10ccd  |t 0 
952 f f |p normal  |a Texas A&M University  |b College Station  |c Sterling C. Evans Library  |d Evans: Library Stacks  |t 0  |e PH355.K823 H68155 2015  |h Library of Congress classification  |i unmediated -- volume  |m A14850681223 
998 f f |a PH355.K823 H68155 2015  |t 0  |l Evans: Library Stacks